[Event "ODJM B 2024"]
[Site "Willingen GER"]
[Date "2024.05.23"]
[Round "7"]
[White "Klockhaus, Daniel"]
[Black "Briese, Paul"]
[Result "1/2-1/2"]
[Termination "normal"]
[Board "43"]
[WhiteElo "1650"]
[BlackElo "1625"]
[WhiteClock "00:15:13"]
[BlackClock "00:11:54"]
[PlyCount "55"]
[WhiteFideId "16299132"]
[BlackFideId "16273826"]
[EventCountry "GER"]
[EventRounds "9"]
[EventType "swiss"]
[EventDate "2024.05.18"]

1. c4 {[%clk 01:30:58]} {[%emt 00:00:02]} e5 {[%clk 01:30:52]} {[%emt
00:00:09]} 2. g3 {[%clk 01:31:22]} {[%emt 00:00:05]} d6 {[%clk 01:31:13]}
{[%emt 00:00:09]} 3. Bg2 {[%clk 01:31:42]} {[%emt 00:00:10]} f5 {[%clk
01:31:30]} {[%emt 00:00:13]} 4. e3 {[%clk 01:31:07]} {[%emt 00:01:05]} Nf6
{[%clk 01:30:19]} {[%emt 00:01:42]} 5. d3 {[%clk 01:27:57]} {[%emt 00:03:39]}
Be7 {[%clk 01:30:03]} {[%emt 00:00:46]} 6. Nc3 {[%clk 01:26:42]} {[%emt
00:01:45]} c6 {[%clk 01:29:45]} {[%emt 00:00:49]} 7. Nge2 {[%clk 01:24:12]}
{[%emt 00:02:59]} O-O {[%clk 01:28:06]} {[%emt 00:02:09]} 8. f4 {[%clk
01:22:57]} {[%emt 00:01:45]} Nbd7 {[%clk 01:21:48]} {[%emt 00:06:48]} 9. O-O
{[%clk 01:22:21]} {[%emt 00:01:05]} Qe8 {[%clk 01:10:21]} {[%emt 00:11:58]} 10.
fxe5 {[%clk 01:16:57]} {[%emt 00:05:55]} Nxe5 {[%clk 01:09:17]} {[%emt
00:01:33]} 11. Nf4 {[%clk 01:01:28]} {[%emt 00:15:59]} g5 {[%clk 00:59:53]}
{[%emt 00:09:54]} 12. Nh3 {[%clk 01:00:23]} {[%emt 00:01:34]} g4 {[%clk
00:57:57]} {[%emt 00:02:26]} 13. Nf4 {[%clk 01:00:24]} {[%emt 00:00:29]} Ng6
{[%clk 00:50:57]} {[%emt 00:07:30]} 14. e4 {[%clk 00:56:56]} {[%emt 00:03:57]}
fxe4 {[%clk 00:45:08]} {[%emt 00:06:20]} 15. Nxe4 {[%clk 00:54:40]} {[%emt
00:02:46]} Nxe4 {[%clk 00:35:28]} {[%emt 00:10:10]} 16. Bxe4 {[%clk 00:53:44]}
{[%emt 00:01:26]} Ne5 {[%clk 00:34:15]} {[%emt 00:01:43]} 17. b3 {[%clk
00:42:57]} {[%emt 00:11:17]} Bf5 {[%clk 00:30:36]} {[%emt 00:04:09]} 18. Qe2
{[%clk 00:39:11]} {[%emt 00:04:16]} Bxe4 {[%clk 00:29:15]} {[%emt 00:01:51]}
19. Qxe4 {[%clk 00:38:14]} {[%emt 00:01:27]} Bf6 {[%clk 00:27:05]} {[%emt
00:02:41]} 20. Rb1 {[%clk 00:29:20]} {[%emt 00:09:23]} Nf3+ {[%clk 00:25:53]}
{[%emt 00:01:42]} 21. Kg2 {[%clk 00:24:17]} {[%emt 00:05:32]} Qxe4 {[%clk
00:24:41]} {[%emt 00:01:43]} 22. dxe4 {[%clk 00:24:46]} {[%emt 00:00:01]} Rae8
{[%clk 00:23:22]} {[%emt 00:01:48]} 23. h3 {[%clk 00:22:10]} {[%emt 00:03:06]}
Ng5 {[%clk 00:21:37]} {[%emt 00:02:15]} 24. hxg4 {[%clk 00:19:50]} {[%emt
00:02:49]} Nxe4 {[%clk 00:20:35]} {[%emt 00:01:33]} 25. Nh5 {[%clk 00:16:44]}
{[%emt 00:03:35]} Be5 {[%clk 00:18:46]} {[%emt 00:02:21]} 26. Bf4 {[%clk
00:16:00]} {[%emt 00:01:13]} Bxf4 {[%clk 00:18:01]} {[%emt 00:01:16]} 27. Rxf4
{[%emt 00:06:55]} Rxf4 {[%clk 00:11:54]} 28. gxf4 {[%clk 00:15:13]} {[%emt
00:01:28]} 1/2-1/2

[Event "ODJM B 2024"]
[Site "Willingen GER"]
[Date "2024.05.23"]
[Round "7"]
[White "Türel, Tugce"]
[Black "Rössling, Laura Marie"]
[Result "0-1"]
[Termination "normal"]
[Board "44"]
[WhiteElo "1582"]
[BlackElo "1599"]
[WhiteClock "00:26:13"]
[BlackClock "01:00:06"]
[PlyCount "84"]
[WhiteFideId "26350602"]
[BlackFideId "16289471"]
[EventCountry "GER"]
[EventRounds "9"]
[EventType "swiss"]
[EventDate "2024.05.18"]

1. e4 {[%clk 01:30:57]} {[%emt 00:00:03]} e5 {[%clk 01:30:42]} {[%emt
00:00:18]} 2. Nf3 {[%clk 01:31:21]} {[%emt 00:00:07]} Nc6 {[%clk 01:30:55]}
{[%emt 00:00:17]} 3. Bc4 {[%clk 01:31:42]} {[%emt 00:00:09]} Bc5 {[%clk
01:30:51]} {[%emt 00:00:32]} 4. c3 {[%clk 01:31:52]} {[%emt 00:00:21]} Nf6
{[%clk 01:31:09]} {[%emt 00:00:12]} 5. d3 {[%clk 01:32:05]} {[%emt 00:00:18]}
d6 {[%clk 01:31:23]} {[%emt 00:00:17]} 6. Bb3 {[%clk 01:27:36]} {[%emt
00:04:58]} h6 {[%clk 01:29:20]} {[%emt 00:02:28]} 7. h3 {[%clk 01:26:45]}
{[%emt 00:01:26]} O-O {[%clk 01:29:24]} {[%emt 00:00:25]} 8. O-O {[%clk
01:26:16]} {[%emt 00:00:59]} Ne7 {[%clk 01:28:46]} {[%emt 00:01:09]} 9. Nbd2
{[%clk 01:26:08]} {[%emt 00:00:38]} Ng6 {[%clk 01:27:12]} {[%emt 00:02:03]} 10.
Re1 {[%clk 01:21:20]} {[%emt 00:05:19]} a6 {[%clk 01:24:36]} {[%emt 00:03:04]}
11. Nf1 {[%clk 01:19:41]} {[%emt 00:02:11]} Ba7 {[%clk 01:24:35]} {[%emt
00:00:31]} 12. Ng3 {[%clk 01:17:02]} {[%emt 00:03:08]} b5 {[%clk 01:18:00]}
{[%emt 00:07:05]} 13. d4 {[%clk 01:10:19]} {[%emt 00:07:14]} Re8 {[%clk
01:13:20]} {[%emt 00:05:06]} 14. Qd3 {[%clk 01:03:59]} {[%emt 00:06:55]} exd4
{[%clk 01:11:05]} {[%emt 00:02:44]} 15. cxd4 {[%clk 01:02:21]} {[%emt
00:02:08]} c5 {[%clk 01:10:34]} {[%emt 00:00:57]} 16. Bc2 {[%clk 00:55:37]}
{[%emt 00:07:17]} c4 {[%clk 01:09:34]} {[%emt 00:01:31]} 17. Qc3 {[%clk
00:55:44]} {[%emt 00:00:22]} Bb7 {[%clk 01:08:07]} {[%emt 00:01:55]} 18. b3
{[%clk 00:54:28]} {[%emt 00:01:49]} cxb3 {[%clk 01:03:59]} {[%emt 00:04:38]}
19. Qxb3 {[%clk 00:53:55]} {[%emt 00:01:02]} Qb6 {[%clk 01:02:21]} {[%emt
00:01:59]} 20. Re2 {[%clk 00:43:50]} {[%emt 00:10:44]} Rac8 {[%clk 01:00:35]}
{[%emt 00:02:13]} 21. e5 {[%clk 00:39:46]} {[%emt 00:04:38]} Bd5 {[%clk
00:58:18]} {[%emt 00:02:42]} 22. Qe3 {[%clk 00:32:40]} {[%emt 00:07:40]} dxe5
{[%clk 00:49:47]} {[%emt 00:09:02]} 23. Bxg6 {[%clk 00:27:26]} {[%emt
00:05:43]} exd4 {[%clk 00:49:31]} {[%emt 00:00:47]} 24. Bxf7+ {[%clk 00:19:59]}
{[%emt 00:07:58]} Bxf7 {[%clk 00:49:39]} {[%emt 00:00:21]} 25. Qd2 {[%clk
00:19:22]} {[%emt 00:01:06]} Rxe2 {[%clk 00:48:59]} {[%emt 00:01:11]} 26. Nxe2
{[%clk 00:18:50]} {[%emt 00:01:01]} d3 {[%clk 00:49:01]} {[%emt 00:00:27]} 27.
Nf4 {[%clk 00:16:26]} {[%emt 00:02:56]} Rc2 {[%clk 00:47:09]} {[%emt 00:02:18]}
28. Qe3 {[%clk 00:11:00]} {[%emt 00:05:59]} Qxe3 {[%clk 00:47:07]} {[%emt
00:00:32]} 29. fxe3 {[%clk 00:10:12]} {[%emt 00:01:18]} Nd5 {[%clk 00:43:26]}
{[%emt 00:04:07]} 30. Nxd3 {[%clk 00:04:23]} {[%emt 00:06:23]} Bxe3+ {[%clk
00:43:33]} {[%emt 00:00:24]} 31. Bxe3 {[%clk 00:04:34]} {[%emt 00:00:19]} Nxe3
{[%clk 00:43:54]} {[%emt 00:00:08]} 32. Nfe1 {[%clk 00:04:23]} {[%emt
00:00:41]} Rd2 {[%clk 00:40:35]} {[%emt 00:03:34]} 33. a4 {[%clk 00:02:14]}
{[%emt 00:02:54]} Bc4 {[%clk 00:36:40]} {[%emt 00:04:25]} 34. Nc5 {[%clk
00:01:35]} {[%emt 00:01:09]} b4 {[%clk 00:33:46]} {[%emt 00:03:25]} 35. Rb1
{[%clk 00:01:19]} {[%emt 00:00:46]} Re2 {[%clk 00:32:30]} {[%emt 00:01:38]} 36.
Kh1 {[%clk 00:00:34]} {[%emt 00:01:23]} b3 {[%clk 00:32:05]} {[%emt 00:00:51]}
37. Nf3 {[%clk 00:00:38]} {[%emt 00:00:30]} b2 {[%clk 00:31:16]} {[%emt
00:01:18]} 38. Ne5 {[%clk 00:00:38]} {[%emt 00:00:30]} Ba2 {[%clk 00:31:18]}
{[%emt 00:00:29]} 39. Rxb2 {[%clk 00:00:35]} {[%emt 00:00:33]} Rxb2 {[%clk
00:31:36]} {[%emt 00:00:12]} 40. Nxa6 {[%clk 00:00:58]} {[%emt 00:00:06]} Bd5
{[%clk 00:31:30]} {[%emt 00:00:36]} 41. Nc5 {[%clk 00:26:01]} {[%emt 00:05:28]}
Rxg2 {[%clk 01:00:30]} {[%emt 00:01:28]} 42. Ned3 {[%clk 00:26:13]} {[%emt
00:00:19]} Rg3+ {[%clk 01:00:06]} {[%emt 00:01:24]} 0-1

[Event "ODJM B 2024"]
[Site "Willingen GER"]
[Date "2024.05.23"]
[Round "7"]
[White "Reif, Karla"]
[Black "Rose, Simeon"]
[Result "1-0"]
[Termination "normal"]
[Board "45"]
[WhiteElo "1701"]
[BlackElo "1695"]
[WhiteClock "00:30:07"]
[BlackClock "00:26:48"]
[PlyCount "87"]
[WhiteFideId "12971871"]
[BlackFideId "34625062"]
[EventCountry "GER"]
[EventRounds "9"]
[EventType "swiss"]
[EventDate "2024.05.18"]

1. b3 {[%clk 01:30:56]} {[%emt 00:00:04]} e5 {[%clk 01:30:57]} {[%emt
00:00:04]} 2. Bb2 {[%clk 01:31:21]} {[%emt 00:00:04]} Nc6 {[%clk 01:31:19]}
{[%emt 00:00:08]} 3. c4 {[%clk 01:31:36]} {[%emt 00:00:15]} Nf6 {[%clk
01:29:36]} {[%emt 00:02:13]} 4. e3 {[%clk 01:31:59]} {[%emt 00:00:07]} d5
{[%clk 01:27:13]} {[%emt 00:02:53]} 5. cxd5 {[%clk 01:32:24]} {[%emt 00:00:05]}
Nxd5 {[%clk 01:27:36]} {[%emt 00:00:07]} 6. a3 {[%clk 01:32:52]} {[%emt
00:00:03]} a6 {[%clk 01:25:52]} {[%emt 00:02:14]} 7. Qc2 {[%clk 01:30:52]}
{[%emt 00:02:28]} Bd6 {[%clk 01:19:07]} {[%emt 00:07:16]} 8. Nf3 {[%clk
01:28:58]} {[%emt 00:02:23]} O-O {[%clk 01:18:05]} {[%emt 00:01:33]} 9. Bc4
{[%clk 01:24:37]} {[%emt 00:04:50]} Be6 {[%clk 01:17:46]} {[%emt 00:00:50]} 10.
Nc3 {[%clk 01:24:45]} {[%emt 00:00:21]} Nce7 {[%clk 01:06:45]} {[%emt
00:11:31]} 11. Nxd5 {[%clk 01:20:34]} {[%emt 00:04:42]} Nxd5 {[%clk 01:03:29]}
{[%emt 00:03:46]} 12. Nxe5 {[%clk 01:18:24]} {[%emt 00:02:40]} Qg5 {[%clk
00:59:39]} {[%emt 00:04:19]} 13. Nf3 {[%clk 01:18:05]} {[%emt 00:00:49]} Qh5
{[%clk 00:54:14]} {[%emt 00:05:55]} 14. h3 {[%clk 01:04:05]} {[%emt 00:14:30]}
b5 {[%clk 00:45:45]} {[%emt 00:08:59]} 15. Be2 {[%clk 01:01:02]} {[%emt
00:03:33]} Bf5 {[%clk 00:33:11]} {[%emt 00:13:05]} 16. Nd4 {[%clk 00:45:04]}
{[%emt 00:16:28]} Qxe2+ {[%clk 00:30:43]} {[%emt 00:02:57]} 17. Kxe2 {[%clk
00:45:18]} {[%emt 00:00:17]} Bxc2 {[%clk 00:31:09]} {[%emt 00:00:04]} 18. Nxc2
{[%clk 00:45:40]} {[%emt 00:00:08]} Rfe8 {[%clk 00:30:27]} {[%emt 00:01:11]}
19. g3 {[%clk 00:42:55]} {[%emt 00:03:15]} c5 {[%clk 00:29:28]} {[%emt
00:01:30]} 20. Rhc1 {[%clk 00:41:16]} {[%emt 00:02:08]} Rad8 {[%clk 00:26:01]}
{[%emt 00:03:58]} 21. Ne1 {[%clk 00:31:02]} {[%emt 00:10:43]} Nc7 {[%clk
00:23:53]} {[%emt 00:02:39]} 22. d4 {[%clk 00:26:42]} {[%emt 00:04:50]} Ne6
{[%clk 00:22:26]} {[%emt 00:01:57]} 23. dxc5 {[%clk 00:26:16]} {[%emt
00:00:55]} Nxc5 {[%clk 00:19:20]} {[%emt 00:03:37]} 24. Rc3 {[%clk 00:25:54]}
{[%emt 00:00:45]} f5 {[%clk 00:12:44]} {[%emt 00:07:13]} 25. Rd1 {[%clk
00:21:06]} {[%emt 00:05:16]} Ne4 {[%clk 00:10:15]} {[%emt 00:03:00]} 26. Rcd3
{[%clk 00:20:50]} {[%emt 00:00:43]} Re6 {[%clk 00:09:17]} {[%emt 00:01:30]} 27.
a4 {[%clk 00:19:28]} {[%emt 00:01:52]} bxa4 {[%clk 00:07:56]} {[%emt 00:01:51]}
28. Ba3 {[%clk 00:12:46]} {[%emt 00:07:12]} Bxa3 {[%clk 00:01:50]} {[%emt
00:06:35]} 29. Rxd8+ {[%clk 00:13:09]} {[%emt 00:00:08]} Kf7 {[%clk 00:02:09]}
{[%emt 00:00:12]} 30. R1d7+ {[%clk 00:12:24]} {[%emt 00:01:14]} Be7 {[%clk
00:01:22]} {[%emt 00:01:17]} 31. bxa4 {[%clk 00:10:10]} {[%emt 00:02:44]} Nc3+
{[%clk 00:01:40]} {[%emt 00:00:12]} 32. Kf3 {[%clk 00:10:00]} {[%emt 00:00:39]}
Nxa4 {[%clk 00:01:53]} {[%emt 00:00:19]} 33. Ra7 {[%clk 00:09:01]} {[%emt
00:01:28]} Kf6 {[%clk 00:02:05]} {[%emt 00:00:19]} 34. Rdd7 {[%clk 00:09:10]}
{[%emt 00:00:20]} Nc5 {[%clk 00:02:02]} {[%emt 00:00:33]} 35. Rdc7 {[%clk
00:09:09]} {[%emt 00:00:31]} Ne4 {[%clk 00:01:10]} {[%emt 00:01:23]} 36. Nd3
{[%clk 00:08:36]} {[%emt 00:01:01]} a5 {[%clk 00:00:51]} {[%emt 00:00:50]} 37.
Rd7 {[%clk 00:05:56]} {[%emt 00:03:09]} Nd2+ {[%clk 00:00:51]} {[%emt
00:00:31]} 38. Kg2 {[%clk 00:05:24]} {[%emt 00:01:00]} Nc4 {[%clk 00:00:36]}
{[%emt 00:00:48]} 39. Nf4 {[%clk 00:03:23]} {[%emt 00:02:30]} Re5 {[%clk
00:00:33]} {[%emt 00:00:34]} 40. Nd5+ {[%clk 00:03:17]} {[%emt 00:00:35]} Rxd5
{[%clk 00:00:32]} {[%emt 00:00:31]} 41. Rxd5 {[%clk 00:03:25]} {[%emt
00:00:22]} a4 {[%clk 00:26:19]} {[%emt 00:04:43]} 42. Rxa4 {[%clk 00:29:33]}
{[%emt 00:04:22]} Nb6 {[%clk 00:26:40]} {[%emt 00:00:09]} 43. Ra6 {[%clk
00:29:58]} {[%emt 00:00:05]} Ke6 {[%clk 00:26:48]} {[%emt 00:00:22]} 44. Rb5
{[%clk 00:30:07]} {[%emt 00:00:19]} 1-0

[Event "ODJM B 2024"]
[Site "Willingen GER"]
[Date "2024.05.23"]
[Round "7"]
[White "Wellßow, Lio Keanu"]
[Black "Menne, Lukas"]
[Result "1/2-1/2"]
[Termination "normal"]
[Board "46"]
[WhiteElo "1486"]
[BlackElo "1636"]
[WhiteClock "00:04:23"]
[BlackClock "00:38:26"]
[PlyCount "103"]
[WhiteFideId "16252837"]
[BlackFideId "16288467"]
[EventCountry "GER"]
[EventRounds "9"]
[EventType "swiss"]
[EventDate "2024.05.18"]

1. d4 {[%clk 01:30:58]} {[%emt 00:00:02]} d5 {[%clk 01:30:52]} {[%emt
00:00:08]} 2. c4 {[%clk 01:31:24]} {[%emt 00:00:04]} e6 {[%clk 01:31:18]}
{[%emt 00:00:04]} 3. Nc3 {[%clk 01:31:29]} {[%emt 00:00:24]} c6 {[%clk
01:26:28]} {[%emt 00:05:20]} 4. Bf4 {[%clk 01:29:54]} {[%emt 00:02:05]} Bd6
{[%clk 01:22:22]} {[%emt 00:04:37]} 5. Bxd6 {[%clk 01:29:22]} {[%emt 00:01:02]}
Qxd6 {[%clk 01:22:44]} {[%emt 00:00:08]} 6. c5 {[%clk 01:27:22]} {[%emt
00:02:30]} Qe7 {[%clk 01:22:33]} {[%emt 00:00:40]} 7. Nf3 {[%clk 01:27:05]}
{[%emt 00:00:47]} Nf6 {[%clk 01:22:53]} {[%emt 00:00:11]} 8. e3 {[%clk
01:25:54]} {[%emt 00:01:40]} O-O {[%clk 01:21:13]} {[%emt 00:02:10]} 9. Bd3
{[%clk 01:24:23]} {[%emt 00:02:01]} Nbd7 {[%clk 01:21:11]} {[%emt 00:00:32]}
10. O-O {[%clk 01:22:00]} {[%emt 00:02:53]} e5 {[%clk 01:21:14]} {[%emt
00:00:27]} 11. dxe5 {[%clk 01:16:43]} {[%emt 00:05:47]} Nxe5 {[%clk 01:21:37]}
{[%emt 00:00:08]} 12. b4 {[%clk 01:00:31]} {[%emt 00:16:42]} Nxd3 {[%clk
01:17:57]} {[%emt 00:04:09]} 13. Qxd3 {[%clk 01:00:36]} {[%emt 00:00:25]} Be6
{[%clk 01:09:19]} {[%emt 00:09:08]} 14. Nd4 {[%clk 00:58:49]} {[%emt 00:02:17]}
Nd7 {[%clk 01:06:37]} {[%emt 00:03:11]} 15. Nf5 {[%clk 00:47:51]} {[%emt
00:11:28]} Bxf5 {[%clk 01:03:37]} {[%emt 00:03:31]} 16. Qxf5 {[%clk 00:47:54]}
{[%emt 00:00:27]} g6 {[%clk 01:03:33]} {[%emt 00:00:35]} 17. Qf4 {[%clk
00:43:17]} {[%emt 00:05:06]} Qe5 {[%clk 01:03:23]} {[%emt 00:00:40]} 18. Qxe5
{[%clk 00:43:34]} {[%emt 00:00:13]} Nxe5 {[%clk 01:03:50]} {[%emt 00:00:03]}
19. Rad1 {[%clk 00:43:15]} {[%emt 00:00:49]} f5 {[%clk 01:01:49]} {[%emt
00:02:30]} 20. f3 {[%clk 00:38:40]} {[%emt 00:05:06]} Rad8 {[%clk 00:49:08]}
{[%emt 00:13:12]} 21. Rd4 {[%clk 00:32:12]} {[%emt 00:06:57]} Rd7 {[%clk
00:41:43]} {[%emt 00:07:55]} 22. Rfd1 {[%clk 00:30:53]} {[%emt 00:01:48]} Rfd8
{[%clk 00:40:10]} {[%emt 00:02:04]} 23. e4 {[%clk 00:24:01]} {[%emt 00:07:22]}
fxe4 {[%clk 00:39:38]} {[%emt 00:01:02]} 24. fxe4 {[%clk 00:24:23]} {[%emt
00:00:08]} dxe4 {[%clk 00:39:33]} {[%emt 00:00:35]} 25. Rxd7 {[%clk 00:24:46]}
{[%emt 00:00:08]} Rxd7 {[%clk 00:39:52]} {[%emt 00:00:10]} 26. Rxd7 {[%clk
00:25:06]} {[%emt 00:00:10]} Nxd7 {[%clk 00:40:16]} {[%emt 00:00:06]} 27. Nxe4
{[%clk 00:25:10]} {[%emt 00:00:26]} b6 {[%clk 00:38:36]} {[%emt 00:02:10]} 28.
b5 {[%clk 00:20:09]} {[%emt 00:05:31]} bxc5 {[%clk 00:36:43]} {[%emt 00:02:23]}
29. bxc6 {[%clk 00:19:46]} {[%emt 00:00:53]} Nb6 {[%clk 00:36:27]} {[%emt
00:00:46]} 30. Nxc5 {[%clk 00:19:52]} {[%emt 00:00:24]} Kf7 {[%clk 00:36:33]}
{[%emt 00:00:24]} 31. Kf2 {[%clk 00:13:20]} {[%emt 00:07:02]} Ke7 {[%clk
00:33:03]} {[%emt 00:04:00]} 32. Ne4 {[%clk 00:12:10]} {[%emt 00:01:40]} Nd5
{[%clk 00:31:39]} {[%emt 00:01:54]} 33. Kf3 {[%clk 00:10:43]} {[%emt 00:01:57]}
h6 {[%clk 00:26:10]} {[%emt 00:05:59]} 34. g3 {[%clk 00:09:03]} {[%emt
00:02:10]} Nb4 {[%clk 00:21:28]} {[%emt 00:05:12]} 35. Nf6 {[%clk 00:02:42]}
{[%emt 00:06:51]} Nxc6 {[%clk 00:21:01]} {[%emt 00:00:57]} 36. Ng8+ {[%clk
00:03:04]} {[%emt 00:00:07]} Ke6 {[%clk 00:21:03]} {[%emt 00:00:28]} 37. Nxh6
{[%clk 00:03:28]} {[%emt 00:00:06]} a5 {[%clk 00:21:10]} {[%emt 00:00:24]} 38.
Ke4 {[%clk 00:03:32]} {[%emt 00:00:26]} a4 {[%clk 00:20:48]} {[%emt 00:00:53]}
39. a3 {[%clk 00:03:52]} {[%emt 00:00:10]} Nb4 {[%clk 00:19:06]} {[%emt
00:02:11]} 40. Kd4 {[%clk 00:03:48]} {[%emt 00:00:35]} Nc2+ {[%clk 00:19:11]}
{[%emt 00:00:25]} 41. Kc3 {[%clk 00:03:43]} {[%emt 00:00:34]} Nxa3 {[%clk
00:19:29]} {[%emt 00:00:12]} 42. Ng4 {[%clk 00:03:52]} {[%emt 00:00:21]} Kf5
{[%clk 00:19:13]} {[%emt 00:00:46]} 43. Nf2 {[%clk 00:03:10]} {[%emt 00:01:12]}
Nb5+ {[%clk 00:18:51]} {[%emt 00:00:52]} 44. Kb4 {[%clk 00:03:03]} {[%emt
00:00:37]} a3 {[%clk 00:18:17]} {[%emt 00:01:05]} 45. Kb3 {[%clk 00:03:04]}
{[%emt 00:00:29]} Ke5 {[%clk 00:18:14]} {[%emt 00:00:33]} 46. h3 {[%clk
00:29:07]} {[%emt 00:04:27]} Nd4+ {[%clk 00:46:20]} {[%emt 00:02:24]} 47. Kxa3
{[%clk 00:26:20]} {[%emt 00:03:17]} Ne2 {[%clk 00:46:42]} {[%emt 00:00:08]} 48.
Kb3 {[%clk 00:17:51]} {[%emt 00:08:59]} Nxg3 {[%clk 00:46:54]} {[%emt
00:00:18]} 49. Kc4 {[%clk 00:07:38]} {[%emt 00:10:42]} Kf5 {[%clk 00:39:10]}
{[%emt 00:08:14]} 50. Kd3 {[%clk 00:05:58]} {[%emt 00:02:10]} Nh5 {[%clk
00:38:58]} {[%emt 00:00:42]} 51. Ke3 {[%clk 00:05:24]} {[%emt 00:01:04]} Nf6
{[%clk 00:38:26]} {[%emt 00:01:03]} 52. Kf3 {[%clk 00:04:23]} 1/2-1/2

[Event "ODJM B 2024"]
[Site "Willingen GER"]
[Date "2024.05.23"]
[Round "7"]
[White "Mersmann, Jasmin"]
[Black "Alugili, Yosef"]
[Result "0-1"]
[Termination "normal"]
[Board "47"]
[WhiteElo "1486"]
[BlackElo "1744"]
[WhiteClock "00:35:45"]
[BlackClock "00:35:17"]
[PlyCount "62"]
[WhiteFideId "34630287"]
[BlackFideId "34635963"]
[EventCountry "GER"]
[EventRounds "9"]
[EventType "swiss"]
[EventDate "2024.05.18"]

1. e4 {[%clk 01:30:59]} e5 {[%clk 01:30:58]} {[%emt 00:00:02]} 2. Nf3 {[%clk
01:31:21]} {[%emt 00:00:08]} Nc6 {[%clk 01:31:26]} {[%emt 00:00:02]} 3. Nc3
{[%clk 01:31:40]} {[%emt 00:00:11]} Nf6 {[%clk 01:31:53]} {[%emt 00:00:03]} 4.
Bb5 {[%clk 01:31:59]} {[%emt 00:00:10]} Nd4 {[%clk 01:32:21]} {[%emt 00:00:03]}
5. O-O {[%clk 01:29:20]} {[%emt 00:03:08]} Nxb5 {[%clk 01:32:18]} {[%emt
00:00:35]} 6. Nxb5 {[%clk 01:29:35]} {[%emt 00:00:14]} c6 {[%clk 01:32:45]}
{[%emt 00:00:03]} 7. Nc3 {[%clk 01:29:54]} {[%emt 00:00:11]} d6 {[%clk
01:32:33]} {[%emt 00:00:42]} 8. h3 {[%clk 01:30:02]} {[%emt 00:00:22]} Be7
{[%clk 01:32:59]} {[%emt 00:00:04]} 9. d3 {[%clk 01:30:26]} {[%emt 00:00:06]}
O-O {[%clk 01:33:24]} {[%emt 00:00:05]} 10. Be3 {[%clk 01:30:41]} {[%emt
00:00:15]} d5 {[%clk 01:31:07]} {[%emt 00:02:48]} 11. exd5 {[%clk 01:30:38]}
{[%emt 00:00:32]} cxd5 {[%clk 01:31:34]} {[%emt 00:00:03]} 12. d4 {[%clk
01:30:41]} {[%emt 00:00:27]} e4 {[%clk 01:25:07]} {[%emt 00:06:57]} 13. Ne5
{[%clk 01:30:37]} {[%emt 00:00:32]} Re8 {[%clk 01:24:20]} {[%emt 00:01:18]} 14.
f3 {[%clk 01:30:05]} {[%emt 00:01:01]} exf3 {[%emt 00:05:54]} 15. Rxf3 {[%clk
01:27:04]} {[%emt 00:00:05]} Be6 {[%clk 01:05:31]} {[%emt 00:17:24]} 16. Rg3
{[%clk 01:25:06]} {[%emt 00:02:27]} Ne4 {[%clk 00:52:00]} {[%emt 00:14:02]} 17.
Nxe4 {[%clk 01:24:55]} {[%emt 00:00:40]} dxe4 {[%clk 00:52:29]} {[%emt
00:00:02]} 18. Bh6 {[%clk 01:24:12]} {[%emt 00:01:12]} Bf8 {[%clk 00:52:19]}
{[%emt 00:00:41]} 19. c4 {[%clk 01:18:02]} {[%emt 00:06:40]} Qh4 {[%clk
00:51:01]} {[%emt 00:01:48]} 20. Qe1 {[%clk 00:52:14]} {[%emt 00:26:15]} Qxh6
{[%clk 00:50:10]} {[%emt 00:01:23]} 21. Qxe4 {[%clk 00:52:02]} {[%emt
00:00:41]} f6 {[%clk 00:44:39]} {[%emt 00:06:02]} 22. Ng4 {[%clk 00:50:27]}
{[%emt 00:02:05]} Bxg4 {[%clk 00:40:43]} {[%emt 00:04:27]} 23. Qxg4 {[%clk
00:50:41]} {[%emt 00:00:16]} Re3 {[%clk 00:37:56]} {[%emt 00:03:17]} 24. Rf1
{[%clk 00:45:40]} {[%emt 00:05:14]} Rxg3 {[%clk 00:37:29]} {[%emt 00:01:13]}
25. Qxg3 {[%clk 00:45:58]} {[%emt 00:00:12]} Re8 {[%clk 00:35:59]} {[%emt
00:02:00]} 26. Kh1 {[%clk 00:45:06]} {[%emt 00:01:20]} Qe3 {[%clk 00:34:36]}
{[%emt 00:01:48]} 27. Qxe3 {[%clk 00:44:03]} {[%emt 00:01:41]} Rxe3 {[%clk
00:35:04]} {[%emt 00:00:01]} 28. a3 {[%clk 00:40:01]} {[%emt 00:04:32]} Rb3
{[%clk 00:35:12]} {[%emt 00:00:22]} 29. Rf2 {[%clk 00:39:14]} {[%emt 00:01:17]}
Rd3 {[%clk 00:35:03]} {[%emt 00:00:38]} 30. d5 {[%clk 00:37:45]} {[%emt
00:01:59]} Kf7 {[%clk 00:34:48]} {[%emt 00:00:47]} 31. Kg1 {[%clk 00:35:45]}
{[%emt 00:02:19]} Bc5 {[%clk 00:35:17]} {[%emt 00:00:12]} 0-1